| 000 | 00981nam a2200241 a 4500 | ||
|---|---|---|---|
| 001 | 56815 | ||
| 003 | BD-RjUL | ||
| 005 | 20240919122257.0 | ||
| 008 | 161204s2001 ii ||||| b||| 00| 0 be d | ||
| 035 | _a(BD-RjUL)56815 | ||
| 040 |
_aBD-RjUL _bben _cBD-RjUL |
||
| 041 | _aben | ||
| 082 |
_223 _aB891.4409 _bSEM 2001 |
||
| 100 |
_aসেনগুপ্ত, চন্দ্রমল্লী _9168942 |
||
| 245 |
_aমিথ পুরাণের ভাঙাগড়া / _cচন্দ্রমল্লী সেনগুপ্ত |
||
| 250 | _a১ম, সং. | ||
| 260 |
_aকলকাতা : _bপুস্তক বিপনি, _c২০০১. |
||
| 300 |
_a২৩৮ পৃ. ; _c২১ সেমি. |
||
| 504 | _aগ্রন্থপুঞ্জি সংযুক্ত | ||
| 650 |
_aবাংলা সাহিত্য _9168943 _xইতিহাস ও সমালোচনা |
||
| 650 |
_aBengali Literature _9168944 _xHistory and Criticism |
||
| 942 |
_2ddc _cBK |
||
| 999 |
_c56815 _d56815 |
||